| 000 | 00734nam a2200253 i 4500 | ||
|---|---|---|---|
| 001 | 59933 | ||
| 003 | ES-MaACL | ||
| 005 | 20250827062604.0 | ||
| 007 | t| | ||
| 008 | 031031s1986 sp ||||1| spa d | ||
| 020 | _a84-7398-359-9 | ||
| 110 | 1 |
_aEspaña _93622 |
|
| 240 | 1 | 0 | _aLey de enjuiciamiento criminal, 1882 |
| 245 | 1 | 0 | _aEnjuiciamiento criminal. |
| 250 |
_a7ª ed act. _bpor la Redacción de Cívitas. |
||
| 260 |
_aMadrid : _bCívitas, _c1986. |
||
| 300 |
_a640 p. ; _c16 cm. |
||
| 490 | 1 | _aBiblioteca de legislación | |
| 500 | _aIndices. | ||
| 740 | 0 | _aLey de enjuiciamiento criminal, 1882. | |
| 830 | 0 |
_aBiblioteca de legislación _9177899 |
|
| 852 |
_aES-MaACL _jL-11714 _bR.114044 |
||
| 999 |
_c59933 _d59933 |
||